000 01060cam a2200361 i 4500
001 0000528
003 DO-SdBNP
005 20180209115816.0
007 0000528
008 100514s 2000 sp | |||| 000 f spa
015 _a
017 _a
_b
020 _a8495060167
035 _a
040 _aBPMSU
_bspa
_cBPMSU
_e
080 _a
082 4 _a843.8
_bV531in
100 1 _aVerne, Julio,
_d1828-1905
240 1 4 _aLes Indes noires
_lEspañol
245 1 4 _aLas Indias negras /
_h
_cJulio Verne ; ilustraciónes J. Ferat
260 _aPozuelo de Alarcón, Madrid :
_bEdiciones Rueda J. M.,
_c2000.
300 _a167 p.:
_bil.
_c25 cm
490 1 _aViajes extraordinarios
500 _aTítulo original en francés: Les Indes noires.
650 4 _aNOVELA JUVENIL FRANCESA
650 4 _aLITERATURA JUVENIL FRANCESA
700 1 2 _aFerat, J.
_eil.
830 0 _aViajes extraordinarios
910 _aValidado. Control de calidad MFF
942 _2ddc
_cBK
945 _aInvetariado extranjero / 2018 VM
956 _aYLOCKWARD
_810
_cBPMSU
999 _c10821
_d10821